Bibliographie annuelle des lettres romandes / (رقم التسجيلة. 130443)
[ عرض عادي ]
| 000 -LEADER | |
|---|---|
| fixed length control field | 00913cas a2200277 a 4500 |
| 008 - FIXED-LENGTH DATA ELEMENTS--GENERAL INFORMATION | |
| fixed length control field | 131007m19791985sz bc 0 b0fre d |
| 020 ## - INTERNATIONAL STANDARD BOOK NUMBER | |
| International Standard Book Number | 2880960002 (v.1) |
| 020 ## - INTERNATIONAL STANDARD BOOK NUMBER | |
| International Standard Book Number | 2880960061 (v.2) |
| 020 ## - INTERNATIONAL STANDARD BOOK NUMBER | |
| International Standard Book Number | 288096010x (v.3) |
| 020 ## - INTERNATIONAL STANDARD BOOK NUMBER | |
| International Standard Book Number | 2880960118 (v.4) |
| 040 ## - CATALOGING SOURCE | |
| Original cataloging agency | EG-GiCUC |
| Language of cataloging | fre |
| Transcribing agency | EG-GiCUC |
| 043 ## - GEOGRAPHIC AREA CODE | |
| Geographic area code | e-sz--- |
| 092 04 - LOCALLY ASSIGNED DEWEY CALL NUMBER (OCLC) | |
| Classification number | 848.994940016 |
| Item number | B58248 |
| Edition number | 21 |
| 099 ## - LOCAL FREE-TEXT CALL NUMBER (OCLC) | |
| Classification number | 04 |
| -- | 848.994940016 B58248 |
| 245 00 - TITLE STATEMENT | |
| Title | Bibliographie annuelle des lettres romandes / |
| Statement of responsibility, etc. | etablie par Regis De Courten; Bibliotheq̀ue nationale suisse |
| 260 ## - PUBLICATION, DISTRIBUTION, ETC. | |
| Place of publication, distribution, etc. | Lausanne : |
| Name of publisher, distributor, etc. | Le Front Litteraire, |
| Date of publication, distribution, etc. | 1979-1985. |
| 300 ## - PHYSICAL DESCRIPTION | |
| Extent | 4 v. ; |
| Dimensions | 23 cm. |
| 650 #0 - SUBJECT ADDED ENTRY--TOPICAL TERM | |
| Topical term or geographic name entry element | Swiss literature (French) |
| Form subdivision | Bibliography |
| -- | Catalogs. |
| 700 1# - ADDED ENTRY--PERSONAL NAME | |
| Personal name | Courten, Regis De. |
| 710 2# - ADDED ENTRY--CORPORATE NAME | |
| Corporate name or jurisdiction name as entry element | Bibliotheq̀ue nationale suisse. |
| 902 ## - LOCAL DATA ELEMENT B, LDB (RLIN) | |
| No. of Items | 1 |
| 905 ## - LOCAL DATA ELEMENT E, LDE (RLIN) | |
| Cataloger | Eman |
| Reviser | Rev. |
| 905 ## - LOCAL DATA ELEMENT E, LDE (RLIN) | |
| Cataloger | Jamal |
| Reviser | Cat. |
| 942 ## - ADDED ENTRY ELEMENTS (KOHA) | |
| Source of classification or shelving scheme | Dewey Decimal Classification |
| Koha item type | Books |
| Source of classification or shelving scheme | Not for loan | Home library | Current library | Date acquired | Full call number | Barcode | Date last seen | Copy number | Koha item type |
|---|---|---|---|---|---|---|---|---|---|
| Dewey Decimal Classification | المكتبة المركزبة الجديدة - جامعة القاهرة | قاعة الثقاقات الاجنبية - الدور الثالث | 11.02.2024 | 848.994940016 B58248 v.1 Fre. | 01000110197190001 | 05.07.2024 | C.1 | Books | |
| Dewey Decimal Classification | المكتبة المركزبة الجديدة - جامعة القاهرة | قاعة الثقاقات الاجنبية - الدور الثالث | 11.02.2024 | 848.994940016 B58248 v.2 Fre. | 01000110197190002 | 05.07.2024 | C.1 | Books | |
| Dewey Decimal Classification | المكتبة المركزبة الجديدة - جامعة القاهرة | قاعة الثقاقات الاجنبية - الدور الثالث | 11.02.2024 | 848.994940016 B58248 v.3 Fre. | 01000110197190003 | 05.07.2024 | C.1 | Books | |
| Dewey Decimal Classification | المكتبة المركزبة الجديدة - جامعة القاهرة | قاعة الثقاقات الاجنبية - الدور الثالث | 11.02.2024 | 848.994940016 B58248 v.4 Fre. | 01000110197190004 | 05.07.2024 | C.1 | Books |